[Event "Liberec Open 2022 - A FIDE Open"]
[Site "Clarion Grandhotel Zlaty Lev, Liberec"]
[Date "2022.02.08"]
[Round "4"]
[Board "7"]
[White "Harish, Neeraj"]
[Black "Blazek, Tomas"]
[Result "1-0"]
[WhiteElo "2091"]
[BlackElo "1823"]
[PlyCount "107"]
[EventDate "2022.02.05"]
[EventRounds "9"]
[EventCountry "CZE"]

1. e4 e5 2. Nf3 Nc6 3. Bb5 a6 4. Ba4 b5 5. Bb3 Nf6 6. O-O Be7 7. Re1 O-O 8. a4
Rb8 9. axb5 axb5 10. c3 d6 11. d4 exd4 12. cxd4 Bg4 13. Be3 Re8 14. Nbd2 h6 15.
Qc2 Nb4 16. Qc3 c5 17. dxc5 dxc5 18. Ne5 c4 19. Bd1 Bxd1 20. Raxd1 Nd3 21. Nxd3
Qxd3 22. Qc1 Ra8 23. e5 Ng4 24. Nf3 Qf5 25. Bd4 h5 26. h3 Nh6 27. Be3 Bb4 28.
Rf1 Ra6 29. Rd5 Rb8 30. Rfd1 Kh8 31. Bxh6 Rxh6 32. Ng5 Be7 33. e6 Bxg5 34. Rxf5
Bxc1 35. e7 Rg8 36. Rxc1 Re8 37. Rxb5 Rxe7 38. Rxc4 Re1+ 39. Kh2 Re2 40. Rf4 f6
41. Rb7 Rg6 42. b4 Rg5 43. h4 Rd5 44. Rc4 Rb2 45. Rc8+ Kh7 46. Rcc7 Rxf2 47.
Rxg7+ Kh8 48. Rgc7 Rd8 49. b5 Rb2 50. b6 Re8 51. Rf7 Kg8 52. Rxf6 Ree2 53. Rg6+
Kf8 54. Rbg7  1-0

[Event "Liberec Open 2022 - A FIDE Open"]
[Site "Clarion Grandhotel Zlaty Lev, Liberec"]
[Date "2022.02.08"]
[Round "4"]
[Board "8"]
[White "Paldus, Petr"]
[Black "Kocharin, Timur"]
[Result "0-1"]
[WhiteElo "1979"]
[BlackElo "1662"]
[PlyCount "142"]
[EventDate "2022.02.05"]
[EventRounds "9"]
[EventCountry "CZE"]

1. e4 c6 2. d4 d5 3. exd5 cxd5 4. Bd3 Nc6 5. c3 Qc7 6. Nf3 Bg4 7. Nbd2 e6 8.
Nf1 Bh5 9. Bd2 Bd6 10. Qc2 Bg6 11. O-O-O Nb4 12. Qa4+ Nc6 13. Bxg6 hxg6 14. Ne3
a6 15. Ng4 Nge7 16. Rde1 b5 17. Qc2 Nf5 18. Nge5 Nxe5 19. dxe5 Bc5 20. g4 Ne7
21. Be3 Bxe3+ 22. Rxe3 Qc4 23. Kb1 Qxg4 24. Nd4 Nf5 25. Rd3 Qe4 26. Rhd1 Qxe5
27. a4 Qc7 28. axb5 Nxd4 29. Rxd4 axb5 30. Qe2 O-O 31. h4 Qc6 32. h5 g5 33. h6
gxh6 34. Qh5 Kg7 35. f4 f6 36. f5 exf5 37. Rxd5 Ra7 38. Qf3 Rff7 39. Qxf5 b4
40. cxb4 Qa4 41. R5d3 Qxb4 42. Rd7 Raxd7 43. Rxd7 Rxd7 44. Qxd7+ Kg6 45. Qe8+
Kf5 46. Qd7+ Kf4 47. Qc7+ Kf3 48. Qd8 Qe1+ 49. Ka2 Qe6+ 50. Ka3 g4 51. Qd1+ Kf2
52. Qd2+ Qe2 53. Qxh6 g3 54. b3 Qa6+ 55. Kb2 Qd6 56. Qh4 Qe5+ 57. Ka3 f5 58. b4
Qe4 59. Qh8 g2 60. Qh2 Qf3+ 61. Ka4 Qg3 62. Qh5 g1=Q 63. Qxf5+ Ke2 64. Qc2+ Ke3
65. Qc3+ Ke4 66. Qc6+ Kd3 67. Qd5+ Kc2 68. Qa2+ Kc3 69. Qb3+ Kd4 70. Qb2+ Qc3
71. Qe2 Qc6+  0-1

[Event "Liberec Open 2022 - A FIDE Open"]
[Site "Clarion Grandhotel Zlaty Lev, Liberec"]
[Date "2022.02.08"]
[Round "4"]
[Board "9"]
[White "Sadek, Vojtech"]
[Black "Nemec, Pavel"]
[Result "1/2-1/2"]
[WhiteElo "1872"]
[BlackElo "2223"]
[PlyCount "65"]
[EventDate "2022.02.05"]
[EventRounds "9"]
[EventCountry "CZE"]

1. e4 c5 2. Nc3 Nc6 3. f4 g6 4. Nf3 Bg7 5. Bb5 e6 6. Bxc6 bxc6 7. e5 d5 8. exd6
Qxd6 9. d3 f5 10. O-O Nh6 11. Qe2 O-O 12. Ne5 Nf7 13. Nc4 Qe7 14. Re1 Ba6 15.
Qxe6 Bd4+ 16. Kh1 Qxe6 17. Rxe6 Bxc4 18. dxc4 Rae8 19. Rxe8 Rxe8 20. Bd2 Nd6
21. Re1 Rxe1+ 22. Bxe1 Nxc4 23. Na4 Nxb2 24. Nxb2 Bxb2 25. c4 Kf7 26. g3 h6 27.
Kg2 g5 28. h3 g4 29. h4 h5 30. Kf2 Ba3 31. Ke2 Bb4 32. Bf2 Ke6 33. Kd3  1/2-1/2

[Event "Liberec Open 2022 - A FIDE Open"]
[Site "Clarion Grandhotel Zlaty Lev, Liberec"]
[Date "2022.02.08"]
[Round "4"]
[Board "10"]
[White "Rosol, Alexander"]
[Black "Adrian, Claude"]
[Result "0-1"]
[WhiteElo "1902"]
[BlackElo "2186"]
[PlyCount "56"]
[EventDate "2022.02.05"]
[EventRounds "9"]
[EventCountry "CZE"]

1. e4 c5 2. b4 cxb4 3. a3 e5 4. Nf3 Nc6 5. Bb2 Nf6 6. d4 Nxe4 7. d5 bxa3 8.
Rxa3 Bxa3 9. Nxa3 Qb6 10. Qe2 Qxb2 11. Qxe4 Qc1+ 12. Ke2 Qxa3 13. dxc6 bxc6 14.
Kd2 Qa5+ 15. Kc1 Qd5 16. Qg4 O-O 17. Bd3 Qe6 18. Qb4 Qh6+ 19. Kd1 d5 20. Nxe5
Qh5+ 21. Nf3 Bg4 22. Kd2 Bxf3 23. gxf3 Qxf3 24. Qh4 g6 25. Rg1 Rfe8 26. Qd4
Rac8 27. Rg3 Qh1 28. Be2 Qe4  0-1

[Event "Liberec Open 2022 - A FIDE Open"]
[Site "Clarion Grandhotel Zlaty Lev, Liberec"]
[Date "2022.02.08"]
[Round "4"]
[Board "13"]
[White "Adrian, Leopold"]
[Black "Deak-Sala, Emilia"]
[Result "1-0"]
[WhiteElo "2144"]
[BlackElo "1779"]
[PlyCount "79"]
[EventDate "2022.02.05"]
[EventRounds "9"]
[EventCountry "CZE"]

1. Nf3 c5 2. c4 Nc6 3. Nc3 d6 4. e3 Bg4 5. Be2 Bxf3 6. Bxf3 e5 7. O-O Nge7 8.
Re1 g6 9. d4 Bg7 10. dxc5 dxc5 11. Nd5 Rc8 12. Bd2 O-O 13. Bc3 Nf5 14. g3 Nd6
15. b3 e4 16. Be2 Bxc3 17. Nxc3 Ne5 18. Qd5 Re8 19. Nxe4 Nexc4 20. Bxc4 Rxe4
21. Rad1 Re6 22. Qd3 Rf6 23. e4 b5 24. Bxb5 Nb7 25. Qxd8+ Rxd8 26. Rxd8+ Nxd8
27. Rd1 Ne6 28. Rd5 Rf3 29. Rd3 Rxd3 30. Bxd3 Nd4 31. f4 Nf3+ 32. Kf2 Nxh2 33.
Be2 h5 34. Ke3 Kf8 35. e5 Ke7 36. Ke4 Ke6 37. Bc4+ Ke7 38. Kd5 h4 39. gxh4 Nf3
40. Bd3  1-0

[Event "Liberec Open 2022 - A FIDE Open"]
[Site "Clarion Grandhotel Zlaty Lev, Liberec"]
[Date "2022.02.08"]
[Round "4"]
[Board "15"]
[White "Tomic, Stjepan"]
[Black "Westendorp, Christian"]
[Result "1-0"]
[WhiteElo "2001"]
[BlackElo "1807"]
[PlyCount "46"]
[EventDate "2022.02.05"]
[EventRounds "9"]
[EventCountry "CZE"]

1. d4 Nf6 2. Nf3 g6 3. Bf4 Bg7 4. e3 O-O 5. Be2 c5 6. c3 d5 7. Nbd2 Nc6 8. h3
Re8 9. O-O cxd4 10. exd4 Nh5 11. Bh2 e5 12. dxe5 Nxe5 13. Nxe5 Bxe5 14. Bxh5
gxh5 15. Qxh5 Bxh2+ 16. Kxh2 Qd6+ 17. Kh1 Re5 18. Qh4 Qg6 19. Nf3 Re2 20. Rae1
Qd3 21. Qg5+ Kf8 22. Qh6+ Kg8 23. Rxe2 Qxe2  1-0

[Event "Liberec Open 2022 - A FIDE Open"]
[Site "Clarion Grandhotel Zlaty Lev, Liberec"]
[Date "2022.02.08"]
[Round "4"]
[Board "17"]
[White "Bradac, Daniel"]
[Black "Dvoracek, Matyas"]
[Result "1-0"]
[WhiteElo "1997"]
[BlackElo "1734"]
[PlyCount "73"]
[EventDate "2022.02.05"]
[EventRounds "9"]
[EventCountry "CZE"]

1. e4 c5 2. Nf3 g6 3. d3 Bg7 4. g3 Nc6 5. Bg2 Nf6 6. O-O O-O 7. c3 d6 8. Nbd2
Bg4 9. h3 Bxf3 10. Qxf3 Rb8 11. a4 a6 12. Qe2 b5 13. axb5 axb5 14. f4 Qb6 15.
Kh2 Nd7 16. Nf3 e6 17. h4 b4 18. Bd2 Rfe8 19. h5 d5 20. hxg6 hxg6 21. Ng5 bxc3
22. bxc3 Nf6 23. Rfb1 Qc7 24. Qd1 Rxb1 25. Rxb1 Nh7 26. Nxh7 Kxh7 27. exd5 exd5
28. Bxd5 Rh8 29. Kg2 Qd7 30. Qf3 Ne7 31. Bxf7 Rd8 32. Bc4 Nf5 33. Rh1+ Bh6 34.
g4 Nd6 35. Bd5 Nb5 36. Be4 Nd6 37. f5  1-0

[Event "Liberec Open 2022 - A FIDE Open"]
[Site "Clarion Grandhotel Zlaty Lev, Liberec"]
[Date "2022.02.08"]
[Round "4"]
[Board "19"]
[White "Ocelak, David"]
[Black "Motyl, Tomasz"]
[Result "0-1"]
[WhiteElo "1570"]
[BlackElo "1987"]
[PlyCount "78"]
[EventDate "2022.02.05"]
[EventRounds "9"]
[EventCountry "CZE"]

1. e4 c6 2. d4 d5 3. e5 Bf5 4. Nf3 e6 5. Be3 Nd7 6. Nbd2 Ne7 7. Be2 c5 8. dxc5
Nc6 9. Bb5 Qc7 10. Bxc6 bxc6 11. Bd4 Bxc5 12. Bxc5 Nxc5 13. O-O O-O 14. Re1
Rab8 15. b3 h6 16. Nd4 Bg6 17. Qg4 Rfe8 18. f3 Nd7 19. f4 c5 20. N4f3 Bxc2 21.
Rac1 Bf5 22. Qg3 Qa5 23. Ra1 Qb4 24. a3 Qc3 25. Qf2 a5 26. Rac1 Qb2 27. Ra1 Rb6
28. Nh4 Bh7 29. g4 Reb8 30. Rec1 a4 31. bxa4 c4 32. Qe1 Qd4+ 33. Qf2 Qxf2+ 34.
Kxf2 Nc5 35. Ke3 Rb2 36. f5 Nd3 37. Rf1 Nxe5 38. Ndf3 Nxg4+ 39. Kf4 Nf2  0-1

[Event "Liberec Open 2022 - A FIDE Open"]
[Site "Clarion Grandhotel Zlaty Lev, Liberec"]
[Date "2022.02.08"]
[Round "4"]
[Board "24"]
[White "Bodwell Mamic, Tomislav"]
[Black "Peglau, Dora"]
[Result "1-0"]
[WhiteElo "1505"]
[BlackElo "1913"]
[PlyCount "89"]
[EventDate "2022.02.05"]
[EventRounds "9"]
[EventCountry "CZE"]

1. e4 c5 2. Nf3 Nc6 3. d4 cxd4 4. Nxd4 Nf6 5. Nc3 d6 6. Bg5 e6 7. Qd2 Bd7 8.
O-O-O a6 9. f4 b5 10. a3 Be7 11. Bxf6 gxf6 12. Nxc6 Bxc6 13. f5 e5 14. Nd5 h5
15. Be2 Rc8 16. Kb1 Bxd5 17. Qxd5 Qb6 18. Rhf1 Qa7 19. Rf3 Rc5 20. Qb3 Qb7 21.
Rd5 h4 22. c4 Rxd5 23. exd5 Qa7 24. cxb5 Qg1+ 25. Qd1 Qxg2 26. bxa6 O-O 27. Qf1
Qg5 28. Rf2 Kh8 29. Rg2 Qe3 30. Qf3 Qxf3 31. Bxf3 Ra8 32. Be2 Kh7 33. b4 Bd8
34. Kb2 Bb6 35. a4 Be3 36. Rg4 Bg5 37. a5 Kg8 38. Rxg5+ fxg5 39. b5 Kf8 40. b6
Ke7 41. a7 Kd7 42. Bb5+ Kc8 43. Bc6 g4 44. b7+ Kc7 45. bxa8=Q  1-0

[Event "Liberec Open 2022 - A FIDE Open"]
[Site "Clarion Grandhotel Zlaty Lev, Liberec"]
[Date "2022.02.08"]
[Round "5"]
[Board "1"]
[White "Simek, Petr"]
[Black "Dobrowolski, Piotr"]
[Result "1/2-1/2"]
[WhiteElo "2330"]
[BlackElo "2397"]
[PlyCount "26"]
[EventDate "2022.02.05"]
[EventRounds "9"]
[EventCountry "CZE"]

1. d4 Nf6 2. c4 g6 3. g3 Bg7 4. Bg2 O-O 5. Nc3 d6 6. Nf3 c5 7. O-O Nc6 8. dxc5
dxc5 9. Bf4 Be6 10. Ne5 Na5 11. Qe1 Nh5 12. Rd1 Qc8 13. Nd5 Bxd5  1/2-1/2

[Event "Liberec Open 2022 - A FIDE Open"]
[Site "Clarion Grandhotel Zlaty Lev, Liberec"]
[Date "2022.02.08"]
[Round "5"]
[Board "2"]
[White "Peglau, Charis"]
[Black "Schulz, Michael"]
[Result "0-1"]
[WhiteElo "1874"]
[BlackElo "2247"]
[PlyCount "150"]
[EventDate "2022.02.05"]
[EventRounds "9"]
[EventCountry "CZE"]

1. d4 Nf6 2. c4 c5 3. Nf3 g6 4. Nc3 Bg7 5. e4 cxd4 6. Nxd4 d6 7. Be2 O-O 8. Be3
Nc6 9. O-O Bd7 10. Qd2 Nxd4 11. Bxd4 Bc6 12. f3 Nd7 13. Bf2 a5 14. Rfd1 Nc5 15.
Rac1 Qb6 16. Nb5 Rfc8 17. b3 Qd8 18. Nd4 Qf8 19. Qc2 Bh6 20. Rb1 Bd7 21. Bf1
Ne6 22. Nxe6 Bxe6 23. Qd3 a4 24. Qd4 axb3 25. axb3 Ra2 26. Qb6 f5 27. e5 Bf4
28. exd6 Qh6 29. g3 Rxf2 30. Kxf2 Qxh2+ 31. Bg2 Qxg3+ 32. Kf1 Bxd6 33. Qf2 Qh2
34. Qg1 Qh6 35. Re1 Bf7 36. Qe3 Qh2 37. Qg1 Qh4 38. Bh1 Rxc4 39. bxc4 Bxc4+ 40.
Re2 Bxe2+ 41. Kxe2 Qc4+ 42. Ke1 Bb4+ 43. Rxb4 Qxb4+ 44. Ke2 Qc4+ 45. Kd2 Qa2+
46. Kc3 b5 47. Qc5 Qa1+ 48. Kb4 Qxh1 49. Qd5+ Kg7 50. Qe5+ Kh6 51. Qxe7 Qxf3
52. Qh4+ Qh5 53. Qf4+ g5 54. Qxf5 Qg6 55. Qh3+ Kg7 56. Qc3+ Qf6 57. Qc7+ Kg8
58. Kxb5 h5 59. Qc8+ Kg7 60. Qe8 Kh6 61. Kc5 h4 62. Qe3 Qf5+ 63. Kc6 h3 64. Qg3
Kh5 65. Kb6 Qg4 66. Qe5 Qf4 67. Qh8+ Kg4 68. Qc8+ Kg3 69. Qc3+ Kg2 70. Qc6+ Qf3
71. Qg6 g4 72. Ka6 h2 73. Qc2+ Kg1 74. Qc5+ Qf2 75. Qg5 g3  0-1

[Event "Liberec Open 2022 - A FIDE Open"]
[Site "Clarion Grandhotel Zlaty Lev, Liberec"]
[Date "2022.02.08"]
[Round "5"]
[Board "3"]
[White "Kersten, Julian"]
[Black "Lajbl, Jan"]
[Result "1/2-1/2"]
[WhiteElo "1935"]
[BlackElo "2218"]
[PlyCount "56"]
[EventDate "2022.02.05"]
[EventRounds "9"]
[EventCountry "CZE"]

1. e4 c6 2. d4 d5 3. exd5 cxd5 4. c4 Nf6 5. Nc3 Nc6 6. Bg5 Be6 7. c5 a6 8. Nf3
g6 9. Be2 Bg7 10. O-O O-O 11. Qb3 Qd7 12. Na4 Rad8 13. Bf4 Bg4 14. Rad1 Ne4 15.
Nb6 Qf5 16. Be3 Bxf3 17. Bxf3 e6 18. Rfe1 g5 19. Bxe4 dxe4 20. d5 exd5 21. Nxd5
Rd7 22. Nb6 Rd3 23. Rxd3 exd3 24. Nc4 Nd4 25. Qxb7 Nc2 26. Rf1 Qe6 27. b3 Nxe3
28. fxe3 Rd8  1/2-1/2

[Event "Liberec Open 2022 - A FIDE Open"]
[Site "Clarion Grandhotel Zlaty Lev, Liberec"]
[Date "2022.02.08"]
[Round "5"]
[Board "4"]
[White "Kocharin, Timur"]
[Black "Pourquet, Matthieu"]
[Result "1/2-1/2"]
[WhiteElo "1662"]
[BlackElo "2197"]
[PlyCount "51"]
[EventDate "2022.02.05"]
[EventRounds "9"]
[EventCountry "CZE"]

1. d4 d5 2. c4 e6 3. Nc3 a6 4. cxd5 exd5 5. Nf3 h6 6. Bf4 Nf6 7. Qc2 c5 8. dxc5
Bxc5 9. e3 Nc6 10. Rd1 Ba7 11. Be2 O-O 12. h3 Be6 13. O-O Rc8 14. Ne5 Qe7 15.
Qb1 Rfe8 16. Nxc6 Rxc6 17. Bf3 Rc5 18. Ne2 Nd7 19. Nd4 Qf6 20. Nxe6 fxe6 21.
Rc1 Rec8 22. Rxc5 Rxc5 23. Rc1 Ne5 24. Bxe5 Qxe5 25. Rxc5 Bxc5 26. Qc2  1/2-1/2

[Event "Liberec Open 2022 - A FIDE Open"]
[Site "Clarion Grandhotel Zlaty Lev, Liberec"]
[Date "2022.02.08"]
[Round "5"]
[Board "5"]
[White "Adrian, Claude"]
[Black "Harish, Neeraj"]
[Result "1-0"]
[WhiteElo "2186"]
[BlackElo "2091"]
[PlyCount "101"]
[EventDate "2022.02.05"]
[EventRounds "9"]
[EventCountry "CZE"]

1. Nf3 Nf6 2. c4 g6 3. g3 Bg7 4. Bg2 O-O 5. d4 d5 6. cxd5 Nxd5 7. O-O Nb6 8.
Nc3 Nc6 9. Bf4 Nxd4 10. Nxd4 e5 11. Nc6 bxc6 12. Be3 Be6 13. Bxc6 Rb8 14. Bc5
Qxd1 15. Raxd1 Rfd8 16. Be7 Rxd1 17. Rxd1 Bf8 18. Bf6 Nc4 19. b3 Nd6 20. Bxe5
Rb6 21. Bd5 Bg7 22. Bxg7 Kxg7 23. Na4 Rb5 24. Bxe6 fxe6 25. Rc1 Ne8 26. Rc6 Kf7
27. Nc5 Rb6 28. Nxe6 Ke7 29. Rxb6 cxb6 30. Nd4 Kd6 31. e3 Kc5 32. a3 a5 33. Kf1
a4 34. bxa4 Kc4 35. Ke2 Kc3 36. f4 Kb2 37. Nb5 Kb3 38. Kd3 Kxa4 39. Kc4 Nf6 40.
Nd6 Kxa3 41. e4 Ka4 42. e5 Ng8 43. g4 Ne7 44. f5 gxf5 45. gxf5 b5+ 46. Kc5 b4
47. f6 Ng6 48. e6 b3 49. e7 b2 50. e8=Q+ Kb3 51. Nc4  1-0

[Event "Liberec Open 2022 - A FIDE Open"]
[Site "Clarion Grandhotel Zlaty Lev, Liberec"]
[Date "2022.02.08"]
[Round "5"]
[Board "6"]
[White "Dusbaba, Karel"]
[Black "Soural, Jan"]
[Result "1/2-1/2"]
[WhiteElo "1987"]
[BlackElo "2176"]
[PlyCount "87"]
[EventDate "2022.02.05"]
[EventRounds "9"]
[EventCountry "CZE"]

1. c4 Nf6 2. Nc3 g6 3. d4 Bg7 4. e4 O-O 5. Be3 d6 6. f3 e5 7. dxe5 dxe5 8. Qxd8
Rxd8 9. Rd1 Rxd1+ 10. Kxd1 c6 11. Nge2 Bf8 12. Nc1 Be6 13. b3 Nfd7 14. Nd3 Na6
15. Be2 f6 16. Kc2 Kf7 17. Rd1 Ke8 18. Kb2 Bf7 19. a3 Nc7 20. Bf1 Ne6 21. g3 g5
22. Bh3 h5 23. Ne1 Rd8 24. Bf5 Bc5 25. Bxc5 Ndxc5 26. Rxd8+ Nxd8 27. b4 Nce6
28. Ne2 b6 29. Nd3 Ke7 30. Kc3 Kd6 31. h3 c5 32. bxc5+ bxc5 33. Bxe6 Bxe6 34.
g4 h4 35. Nec1 Bc8 36. Nb3 Ne6 37. Nd2 Nd4 38. Nc1 Ba6 39. Kd3 Bb7 40. Ne2 Ne6
41. Nb1 Nd4 42. Nd2 Ne6 43. Nb1 Nd4 44. Nd2  1/2-1/2

[Event "Liberec Open 2022 - A FIDE Open"]
[Site "Clarion Grandhotel Zlaty Lev, Liberec"]
[Date "2022.02.08"]
[Round "5"]
[Board "7"]
[White "Frick, Christoph"]
[Black "Sliwerski, Radoslaw"]
[Result "1-0"]
[WhiteElo "2151"]
[BlackElo "1976"]
[PlyCount "49"]
[EventDate "2022.02.05"]
[EventRounds "9"]
[EventCountry "CZE"]

1. d4 Nf6 2. Nc3 d5 3. Bf4 c5 4. e3 e6 5. Nb5 Na6 6. c3 Bd7 7. a4 c4 8. b3 Ne4
9. bxc4 dxc4 10. Bxc4 Rc8 11. Qd3 Qa5 12. Ne2 Nb4 13. Qxe4 f5 14. Qb1 Rxc4 15.
O-O Nd5 16. Qb3 Nb6 17. Rfb1 Rxa4 18. Rxa4 Nxa4 19. Nc7+ Kf7 20. Qxb7 Be7 21.
Nb5 Nc5 22. dxc5 Qa2 23. Nd6+ Kf6 24. Qb2 Qd5 25. c4+  1-0

[Event "Liberec Open 2022 - A FIDE Open"]
[Site "Clarion Grandhotel Zlaty Lev, Liberec"]
[Date "2022.02.08"]
[Round "5"]
[Board "8"]
[White "Motyl, Tomasz"]
[Black "Adrian, Leopold"]
[Result "0-1"]
[WhiteElo "1987"]
[BlackElo "2144"]
[PlyCount "70"]
[EventDate "2022.02.05"]
[EventRounds "9"]
[EventCountry "CZE"]

1. e4 e6 2. d4 d5 3. Nd2 Nc6 4. Ngf3 Nf6 5. e5 Nd7 6. c3 f6 7. exf6 Qxf6 8. Be2
Bd6 9. Nf1 O-O 10. Ng3 b6 11. O-O h6 12. b4 Ne7 13. Be3 c6 14. a4 Ng6 15. b5 c5
16. a5 Bb7 17. a6 Bc8 18. c4 Ne7 19. Qd2 Kh8 20. Rad1 cxd4 21. Bxd4 e5 22. Bb2
d4 23. Ne4 Qe6 24. Rfe1 Ng6 25. g3 Nc5 26. Qc2 Bd7 27. Nfd2 Rae8 28. Nxc5 Bxc5
29. Bd3 Nh4 30. Be4 d3 31. Qxd3 Rxf2 32. Kh1 Qh3 33. Nf1 Rg2 34. Re3 Rf8 35.
gxh4 Rxf1+  0-1

[Event "Liberec Open 2022 - A FIDE Open"]
[Site "Clarion Grandhotel Zlaty Lev, Liberec"]
[Date "2022.02.08"]
[Round "5"]
[Board "9"]
[White "Cakl, Zdenek"]
[Black "Kohout, Jan"]
[Result "1-0"]
[WhiteElo "2118"]
[BlackElo "1938"]
[PlyCount "77"]
[EventDate "2022.02.05"]
[EventRounds "9"]
[EventCountry "CZE"]

1. Nf3 Nf6 2. b3 c5 3. Bb2 e6 4. e3 Be7 5. c4 O-O 6. Be2 Nc6 7. O-O b6 8. Nc3
Bb7 9. d4 d5 10. Rc1 Rc8 11. cxd5 exd5 12. Qd3 Ne4 13. Rfd1 Nb4 14. Qb1 Nxc3
15. Bxc3 Ba6 16. Bxa6 Nxa6 17. dxc5 bxc5 18. Qf5 Rc6 19. Rxd5 Qc8 20. Qxc8
Rfxc8 21. Rd7 R8c7 22. Rcd1 Rxd7 23. Rxd7 Rc7 24. Rxc7 Nxc7 25. Kf1 f6 26. Ke2
Kf7 27. Kd3 Ke6 28. Kc4 a6 29. Nd2 Kd6 30. Ne4+ Kc6 31. g4 Nd5 32. Ba5 g6 33.
Nc3 Nxc3 34. Bxc3 Bd8 35. e4 Kd6 36. Bd2 Ke5 37. f3 Bb6 38. Be3 Kd6 39. b4  1-0

[Event "Liberec Open 2022 - A FIDE Open"]
[Site "Clarion Grandhotel Zlaty Lev, Liberec"]
[Date "2022.02.08"]
[Round "5"]
[Board "10"]
[White "Vecera, Dominik"]
[Black "Smietanska, Wiktoria"]
[Result "1-0"]
[WhiteElo "2098"]
[BlackElo "1802"]
[PlyCount "89"]
[EventDate "2022.02.05"]
[EventRounds "9"]
[EventCountry "CZE"]

1. e4 c5 2. Nf3 g6 3. d4 cxd4 4. Nxd4 Nc6 5. Nc3 Bg7 6. Be3 Nf6 7. Bc4 O-O 8.
Bb3 Re8 9. O-O d6 10. h3 Na5 11. Qe2 a6 12. Rfd1 Qc7 13. Nd5 Nxd5 14. exd5 Bd7
15. c3 Rac8 16. Nf3 Bb5 17. Qc2 Nxb3 18. axb3 Bd7 19. Qd2 Rcd8 20. Bd4 Bxd4 21.
Qxd4 Bf5 22. Rd2 e5 23. dxe6 fxe6 24. Rad1 e5 25. Qb4 e4 26. Nd4 Bc8 27. Nc2
Re6 28. Ne3 Qc6 29. Nc4 d5 30. Ne3 Red6 31. Qd4 Be6 32. c4 b5 33. cxd5 Bxd5 34.
Qe5 Re8 35. Qg5 h6 36. Qxh6 Re5 37. Qf4 Rh5 38. g4 Rf6 39. Qh2 Rh4 40. Rxd5 Rf3
41. Qb8+ Kg7 42. Rd7+ Kh6 43. Qh8+ Kg5 44. Qe5+ Kh6 45. g5+  1-0

[Event "Liberec Open 2022 - A FIDE Open"]
[Site "Clarion Grandhotel Zlaty Lev, Liberec"]
[Date "2022.02.08"]
[Round "5"]
[Board "13"]
[White "Nowak, Filip"]
[Black "Bradac, Daniel"]
[Result "1-0"]
[WhiteElo "1644"]
[BlackElo "1997"]
[PlyCount "109"]
[EventDate "2022.02.05"]
[EventRounds "9"]
[EventCountry "CZE"]

1. e4 c5 2. Nf3 g6 3. d4 cxd4 4. Nxd4 Bg7 5. c4 Nc6 6. Be3 Nf6 7. Nc3 O-O 8.
Be2 d6 9. O-O a6 10. f3 Qb6 11. Qd2 Nxe4 12. Nxc6 Nxd2 13. Nxe7+ Kh8 14. Bxb6
Nxf1 15. Bxf1 Be6 16. Rd1 Rfe8 17. Ned5 Rac8 18. b3 f5 19. Bd4 Bxd4+ 20. Rxd4
Bxd5 21. Nxd5 Re1 22. Kf2 Rce8 23. Rd2 Ra1 24. Be2 Kg7 25. Bd1 g5 26. Nc3 Rc1
27. Rc2 Ra1 28. Re2 Rc8 29. Re7+ Kg8 30. Rxb7 Re8 31. Be2 Re5 32. Bf1 Rc1 33.
Ne2 Rc2 34. Rb6 d5 35. cxd5 Rxa2 36. d6 Kf7 37. Rb7+ Ke6 38. Rxh7 Kxd6 39. Rh5
f4 40. h4 gxh4 41. Rxh4 Rf5 42. Kg1 Ke5 43. Nc1 Rd2 44. Nd3+ Kd4 45. Rxf4+ Rxf4
46. Nxf4 Ke3 47. Nh3 Rd1 48. Nf2 Rb1 49. Ng4+ Kf4 50. Kf2 a5 51. g3+ Kg5 52.
Bc4 Rc1 53. Ne3 Rc3 54. f4+ Kf6 55. Kf3  1-0

[Event "Liberec Open 2022 - A FIDE Open"]
[Site "Clarion Grandhotel Zlaty Lev, Liberec"]
[Date "2022.02.08"]
[Round "5"]
[Board "24"]
[White "Jina, Lubos"]
[Black "Raeke, Philipp"]
[Result "1/2-1/2"]
[WhiteElo "1615"]
[BlackElo "1908"]
[PlyCount "137"]
[EventDate "2022.02.05"]
[EventRounds "9"]
[EventCountry "CZE"]

1. d4 e6 2. Nf3 f5 3. c4 Nf6 4. Nc3 Be7 5. e3 O-O 6. Be2 d6 7. O-O Qe8 8. b3 a5
9. Bb2 Bd8 10. Qc2 Nc6 11. a3 e5 12. dxe5 dxe5 13. Rad1 h6 14. Nd5 e4 15. Nxf6+
Bxf6 16. Nd4 Ne5 17. Nb5 Qe7 18. Nc3 c6 19. Na4 Be6 20. Nb6 Rae8 21. Qd2 Qc7
22. Na4 Rd8 23. Qc2 b6 24. Rd2 Rxd2 25. Qxd2 Rd8 26. Qc2 Kf7 27. h3 Ke7 28. Rd1
g5 29. Kf1 Bc8 30. Kg1 Rxd1+ 31. Qxd1 Ke6 32. Qd2 Ba6 33. Qd1 f4 34. Bg4+ Nxg4
35. Qxg4+ Ke7 36. Bxf6+ Kxf6 37. exf4 Qxf4 38. Qxf4+ gxf4 39. Nxb6 Ke5 40. Kf1
Kd4 41. Na4 Bc8 42. Ke2 Bf5 43. Kd2 e3+ 44. fxe3+ fxe3+ 45. Ke1 Bc2 46. Nb6
Bxb3 47. Ke2 Bc2 48. g4 Be4 49. h4 Bg6 50. g5 hxg5 51. hxg5 Bh5+ 52. Ke1 Kd3
53. c5 Kd4 54. Nd7 Be8 55. Nf6 Bg6 56. Nd7 Bf5 57. Nf8 Kxc5 58. g6 Bd3 59. g7
Bc4 60. Nd7+ Kb5 61. Nf6 Ka4 62. g8=Q Bxg8 63. Nxg8 Kxa3 64. Ne7 c5 65. Nd5 Kb3
66. Nxe3 a4 67. Kd2 a3 68. Kc1 a2 69. Nc2  1/2-1/2

[Event "Liberec Open 2022 - A FIDE Open"]
[Site "Clarion Grandhotel Zlaty Lev, Liberec"]
[Date "2022.02.08"]
[Round "5"]
[Board "33"]
[White "Langmaier, Michal"]
[Black "Warnk, Torsten"]
[Result "1-0"]
[WhiteElo "1351"]
[BlackElo "1767"]
[PlyCount "167"]
[EventDate "2022.02.05"]
[EventRounds "9"]
[EventCountry "CZE"]

1. d4 d5 2. c4 c6 3. Nc3 Nf6 4. Bg5 e6 5. cxd5 cxd5 6. e3 Be7 7. Nf3 O-O 8. Bd3
Nbd7 9. O-O a6 10. a4 Ne8 11. Bxe7 Qxe7 12. Qc2 Ndf6 13. a5 Bd7 14. Rfc1 Nd6
15. Ne5 Rac8 16. Qb3 Rc7 17. Rc2 Rfc8 18. Rac1 Nc4 19. Bxc4 dxc4 20. Qa2 Bb5
21. Nxb5 axb5 22. a6 bxa6 23. Qxa6 Qe8 24. Qa5 Nd5 25. h3 Ra8 26. Qd2 Qe7 27.
e4 Nb4 28. Rc3 f6 29. Ng4 Na2 30. Ra1 Rca7 31. Rg3 Kf8 32. Qf4 Qc7 33. e5 f5
34. d5 Qe7 35. d6 Qf7 36. Ne3 Nb4 37. Rxa7 Rxa7 38. Qd4 Nd3 39. Nc2 h6 40. Rf3
g5 41. g4 f4 42. Qb6 Nxe5 43. Ra3 Rxa3 44. Nxa3 Qd7 45. Nxb5 Kf7 46. Na3 Qa4
47. Qc7+ Kg6 48. Qc5 Qd1+ 49. Kg2 Qd5+ 50. Qxd5 exd5 51. Nb5 Kf7 52. Kf1 Nc6
53. Nc7 d4 54. Nb5 Ke6 55. Ke2 Kd5 56. d7 Kc5 57. Na3 Kb4 58. Nc2+ Kc5 59. Kd2
d3 60. Na3 Kb4 61. Nb1 Kb3 62. Na3 Nd8 63. f3 Kb4 64. Nb1 Kb3 65. Kc1 Ne6 66.
Nc3 d2+ 67. Kxd2 Kxb2 68. Na4+ Ka3 69. Nc5 Nd8 70. Kc3 Ka2 71. Kxc4 Kb2 72. Kd5
Kc3 73. Kd6 Kd4 74. Ne6+ Ke3 75. Nxd8 Kxf3 76. Ne6 Kg2 77. Nd4 Kxh3 78. d8=Q
Kxg4 79. Qd7+ Kg3 80. Qf5 Kh4 81. Ke5 h5 82. Nf3+ Kg3 83. Qxg5+ Kxf3 84. Qxf4+
 1-0

[Event "Liberec Open 2022 - A FIDE Open"]
[Site "Clarion Grandhotel Zlaty Lev, Liberec"]
[Date "2022.02.09"]
[Round "6"]
[Board "1"]
[White "Schulz, Michael"]
[Black "Simek, Petr"]
[Result "0-1"]
[WhiteElo "2247"]
[BlackElo "2330"]
[PlyCount "44"]
[EventDate "2022.02.05"]
[EventRounds "9"]
[EventCountry "CZE"]

1. d4 d5 2. Bf4 c5 3. e3 cxd4 4. exd4 Nc6 5. c3 f6 6. Bd3 e5 7. Qh5+ g6 8.
Bxg6+ hxg6 9. Qxh8 exf4 10. Qxg8 Bf5 11. Ne2 Qd7 12. Nxf4 O-O-O 13. O-O Bd6 14.
Qxd5 g5 15. Nd2 Qh7 16. Rfe1 Bxf4 17. Qxd8+ Kxd8 18. Nf1 Ne7 19. g3 Bc7 20. c4
Bh3 21. Re2 Qd3 22. Rae1 Qf3  0-1